Aircraft powerplants / (Record no. 87933)

MARC details
000 -LEADER
fixed length control field 00851nam a22002537a 4500
005 - DATE AND TIME OF LATEST TRANSACTION
control field 20140825145008.0
010 ## - LCCN (DPL NO)
LC control number ENG-110675
020 ## - INTERNATIONAL STANDARD BOOK NUMBER
International Standard Book Number 9789339204952
Terms of availability 1295.00
020 ## - INTERNATIONAL STANDARD BOOK NUMBER
International Standard Book Number 9339204956
Terms of availability 1295.00
035 ## - SYSTEM CONTROL NUMBER
System control number EN-94207
037 ## - SOURCE OF ACQUISITION
Source of stock number/acquisition DBAD/PUB
082 ## - DEWEY DECIMAL CLASSIFICATION NUMBER
Classification number 629.13435
100 ## - MAIN ENTRY--PERSONAL NAME
Personal name Wild, Thomas W.
245 ## - TITLE STATEMENT
Title Aircraft powerplants /
Statement of responsibility, etc by Thomas W. Wild [and] Michael J. Kroes
250 ## - EDITION STATEMENT
Edition statement 8th ed
260 ## - PUBLICATION, DISTRIBUTION, ETC. (IMPRINT)
Place of publication, distribution, etc New Delhi
Name of publisher, distributor, etc McGraw Hill Education
Date of publication, distribution, etc 2014
270 ## - ADDRESS
Address P-24, Green Park Extn.
City New Delhi
Postal code 110016
300 ## - PHYSICAL DESCRIPTION
Extent xiii,749p. :
Dimensions 28cm(pbk)
Other physical details ill.
500 ## - GENERAL NOTE
General note Revision of: Aircraft powerplants / Michael J. Kroes, Thomas W. Wild. -- 7th ed. -- New York, N.Y. : Glencoe, 1995.
500 ## - GENERAL NOTE
General note Includes index
650 ## - SUBJECT ADDED ENTRY--TOPICAL TERM
Topical term or geographic name as entry element Airplanes
General subdivision Motors.
700 ## - ADDED ENTRY--PERSONAL NAME
Personal name Kroes, Michael J.
942 ## - ADDED ENTRY ELEMENTS (KOHA)
Source of classification or shelving scheme Dewey Decimal Classification
Item type English Books
Call number suffix WIL
Classification part 629.13435
Holdings
Withdrawn status Lost status Not for loan Collection code Home library Current library Date acquired Source of acquisition Cost, normal purchase price Full call number Barcode Copy number Cost, replacement price Koha item type
    Not For Loan Non-fiction D.B.Act.Division D.B.Act.Division 20/08/2014 DBAD/PUB 1295.00 629.13435 WIL EN-94207 1 1295.00 English Books

© Delhi Public Library
Hit Counter
free hit counter